| 000 | 00682cam a2200265 4500500 | ||
|---|---|---|---|
| 005 | 20260405003526.0 | ||
| 041 | _afre | ||
| 042 | _adc | ||
| 100 | 1 | 0 |
_aOrtoli, Sven _eauthor |
| 245 | 0 | 0 | _aBienvenue au camping |
| 260 | _c2022. | ||
| 500 | _a99 | ||
| 690 | _aCamping | ||
| 690 | _aCollectif | ||
| 690 | _aConvivialité | ||
| 690 | _aLogement | ||
| 690 | _aLuxe | ||
| 690 | _aNature | ||
| 690 | _aPoids | ||
| 690 | _aPrix | ||
| 690 | _aTemps | ||
| 690 | _aTente | ||
| 786 | 0 | _nPhilosophie magazine | 161 | 8 | 2022-07-01 | p. 13-13 | 1951-1787 | |
| 856 | 4 | 1 | _uhttps://shs.cairn.info/magazine-philosophie-magazine-2022-8-page-13?lang=fr&redirect-ssocas=7080 |
| 999 |
_c2068371 _d2068370 |
||